000 00488nam a22001817a 4500
003 NLa
005 20140310181720.0
008 130306t xxu||||| |||| 00| 0 eng d
020 _a9780140294729
050 _aBH 39
_b.Ar735 2004
082 _aIB 111.85
_bAr5 2004
100 _aArmstrong, John.
245 _aThe secret power of beauty /
_cJohn Armstrong.
260 _aLondon :
_bPenguin Group,
_cc2004.
300 _axi, 171 p. :
_bill.;
_c20 cm.
942 _2lcc
_cBK
999 _c1948
_d1948